Geographical information and planning

Αποθηκεύτηκε σε:
Λεπτομέρειες βιβλιογραφικής εγγραφής
Άλλοι συγγραφείς: Stillwell, John C. H. (John Charles Harold) 1952- (Επιμελητής έκδοσης), Geertman, Stan 1955- (Επιμελητής έκδοσης), Openshaw, Stan (Επιμελητής έκδοσης)
Μορφή: Βιβλίο
Γλώσσα:English
Δημοσίευση: Berlin : Spinger-Verlag, c1999
Σειρά:Advances in spatial science
Θέματα:
Ετικέτες: Προσθήκη ετικέτας
Δεν υπάρχουν, Καταχωρήστε ετικέτα πρώτοι!

MARC

LEADER 00000nam a2200000 i 4500
001 1/4155
008 000524s1999 eng d
020 |a 3-540-65902-1 
035 |l 10061055 
040 |a GR-MY-UA  |b gre  |e aacr 
041 0 |a eng 
082 0 |a 910.285 
245 1 0 |a Geographical information and planning /  |c edited by John Stillwell, Stan Geertman and Stan Openshaw 
260 |a Berlin :   |b Spinger-Verlag,   |c c1999 
300 |a ix, 454 p.  |b with 113 figures and 43 tables 
490 1 |a Advances in spatial science 
650 0 0 |a Geographic information systems  |z Europe. 
650 0 0 |a Information storage and retrieval systems  |x Geography  |z Europe. 
700 1 |a Stillwell, John C. H.  |q (John Charles Harold)  |d 1952-  |4 edt 
700 1 |a Geertman, Stan  |d 1955-  |4 edt 
700 1 |a Openshaw, Stan.  |4 edt 
830 0 |a Advances in spatial science 
852 |a INST  |b CHIOS  |e 20000524  |h 910.285 GEO  |p 005200017567  |q 005200017567  |t BK  |y 0 
901 |a BIBL2-2000-2 
909 |a Χ  |b 078004 
922 |a 2ΕΛΗ  |b 200004  |c ΤΔΕ  |d ΠΑΠΑΣΩΤΗΡΙΟΥ 
950 |a 112-1999-11-03 
970 |a ΣΑΛΑΜΟΥΡΑ  |b ΜΑΡΙΑ  |z 2000/05/30